LEADER 01284nam a2200277 a 4500 001 000000119085 003 CaOOAMICUS 005 20150623122129.0 008 100108s2009 it aboe u000 u ita r 040 $aPUL$bita$dReb 245 00$aAbu Simbel :$bAssuan e i templi nubiani /$ctesti Marco Zecchi. 260 $aVercelli :$bWhite Star,$c©2009$aMilano :$bIl Sole 24 ore 300 $a159 p. :$bill., foto, c. geogr. ;$c29 cm 490 1 $aAntico Egitto ;$v03 500 $aEdizione speciale riadattata nel 2009 Arnoldo Mondadori Editore S. p. A. 650 4$aArcheologia$zEgitto$xStoria.$0(OLS)http://pul/subject/26955 651 4$aNubia$xAntichità.$0(OLS)http://pul/subject/13807 651 4$aEgitto$xCiviltà.$0(OLS)http://pul/subject/4215 700 1 $aZecchi, Marco.$0(OLS)http://pul/name/74445 830 0$aAntico Egitto ;$v03.$0(OLS)http://pul/title/132781 850 $aPUL 852 $aPUL$W1$xDP2 Filosofia 3$y112$m932 COLL 1.3$j136652$qDDC 21$B135667$CPULBib$Z2$F135667 $H112299 $82 941 1 $a9 996 $6245$aAbu Simbel :$bAssuan e i templi nubiani$9(OLS)http://pul/title/149860 996 $6260$aVercelli :$bWhite Star$9(OLS)http://pul/publisher/79250 996 $6260$aMilano :$bIl Sole 24 ore$9(OLS)http://pul/publisher/69212 LEADER 01835nam a2200397 a 4500 001 000000175300 003 CaOOAMICUS 005 20220620155720.0 008 220620s2021 it 001 u ita r 020 $a978-88-1-3376833* 032 $aLibriCat 040 $aPUL$bita 082 04$a346.4500 110 1 $aItalia.$0(OLS)http://pul/name/1188 240 10$aCodice civile (2021).$0(OLS)http://pul/title/216717 245 00$aCommentario breve al codice civile :$bcomplemento giurisprudenziale /$cGiorgio Cian, Alberto Trabucchi ; con la collaborazione di Bruno Barel ... [et al.] . 250 $aEdizione per prove concorsuali ed esami 2021 / a cura di Giorgio Cian. 260 $aPadova :$bCEDAM ;$aMilano :$bWolters Kluwer,$c©2021. 300 $a4001 p. ;$c25 cm 490 1 $aBreviaria iuris ;$a1 500 $aTesto su due colonne. 500 $aComprende indici. 610 14$aItalia.$tCodice civile.$0(OLS)http://pul/subject/33991 700 1 $aCian, Giorgio,$d1935-2022.$0(OLS)http://pul/name/10130 700 1 $aTrabucchi, Alberto,$d1907-1998.$0(OLS)http://pul/name/10131 700 1 $aBarel, Bruno.$0(OLS)http://pul/name/40840 830 0$aBreviaria Iuris ;$v1.$0(OLS)http://pul/title/8521 850 $aPUL 852 $aPUL$W1$xSL Diritto e Scienze Sociali 3$y79$m348. 45 COD 1.1.88$j199504$qDDC 21$B204223$CPULBib$Z2$F204223 $H135651 $82 941 1 $a9 996 $6020$a978-88-1-3376833*$9(OLS)http://pul/number/168701 996 $6082$a346.4500$9(OLS)http://pul/classification/3222 996 $6245$aCommentario breve al codice civile :$bcomplemento giurisprudenziale$9(OLS)http://pul/title/51186 996 $6260$aPadova :$bCEDAM$9(OLS)http://pul/publisher/48126 996 $6260$aMilano :$bWolters Kluwer$9(OLS)http://pul/publisher/87159